000 00945nam a22002177a 4500
003 BD-DhJNU
005 20260106023916.0
008 260105b |||||||| |||| 00| 0 eng d
020 _a9789849176503
040 _aBD-DhJNU
_bBEN
_cBD-DhJNU
_dBD-DhJNU
082 _223
_a355.025492
100 _aসোবহান, রেহমান
242 _aThe rise of Bangladesh /
_cRehman Sobhan
245 _aবাংলাদেশের অভ্যূদয় /
_cরেহমান সোবহান।
260 _aঢাকা :
_bপ্রথমা প্রকাশনী,
_c2017.
300 _a১৯১ পৃষ্ঠা :
_c২৩ সে.মি।
504 _aগ্রন্থপঞ্জিগত নির্দেশিকা ও নিঘন্ট অন্তভূক্ত
650 _aমুক্তিযুদ্ধ - বাংলাদেশ।
650 _aLiberation War - Bangladesh
942 _2ddc
_cBK
_n0
999 _c2490
_d2490